|
|
|
|
| LEADER |
01357nam a2200325 a 4500 |
| 001 |
3750 |
| 003 |
BD-DhAAL |
| 005 |
20150527094409.0 |
| 008 |
150527s1992 nyuab b 001 0 eng |
| 010 |
|
|
|a 91036848
|
| 020 |
|
|
|a 0471532088 (acidfree paper) :
|c $34.95
|
| 040 |
|
|
|a DLC
|c DLC
|d DLC
|d BD-DhAAL
|
| 050 |
0 |
0 |
|a QH75
|b .D58 1992
|
| 082 |
0 |
0 |
|a 333.7/2
|2 20
|
| 100 |
1 |
|
|a DiSilvestro, Roger L.
|9 10472
|
| 245 |
1 |
0 |
|a Audubon perspectives :
|b rebirth of nature : a companion to the Audubon television specials /
|c Roger L. DiSilvestro ; Page Chichester, principal photographer ; Christopher N. Palmer, executive editor.
|
| 260 |
|
|
|a New York :
|b Wiley,
|c c1992.
|
| 300 |
|
|
|a xii, 276 p. :
|b ill. (some col.), col. maps ;
|c 31 cm.
|
| 504 |
|
|
|a Includes bibliographical references (p. [267]-268) and index.
|
| 541 |
|
|
|e 3750
|
| 650 |
|
0 |
|a Habitat conservation.
|9 11487
|
| 650 |
|
0 |
|a Habitat (Ecology)
|9 11488
|
| 650 |
|
0 |
|a Nature
|x Effect of human beings on.
|9 11489
|
| 700 |
1 |
|
|a Chichester, Page.
|9 10476
|
| 700 |
1 |
|
|a Palmer, Christopher N.
|9 10475
|
| 710 |
2 |
|
|a National Audubon Society.
|9 11490
|
| 740 |
0 |
|
|a Rebirth of nature.
|
| 942 |
|
|
|2 ddc
|c BK
|
| 999 |
|
|
|c 34537
|d 34537
|
| 952 |
|
|
|0 0
|1 0
|2 ddc
|4 0
|6 333_720000000000000_DIS
|7 0
|9 53927
|a SCL
|b SCL
|c GEN
|d 2015-05-27
|e Gift: The Asia Foundation
|l 1
|o 333.72 DIS
|p 3020003750
|r 2022-03-16
|s 2022-03-10
|t 1
|w 2015-05-27
|y BK
|